000 004320000a22001810004500
003 MACL
005 20151007171145.0
008 151007b xxu||||| |||| 00| 0 eng d
040 _aMACL
_cMACL
041 _aEnglish
082 _a920/BAS
100 _aBasu, S N
_914135
245 _aJagadis Chandra Bose
260 _bNational Books Trust.
_c1970
_aNew Delhi
350 _a2
650 _aBiography
_914136
942 _cBK
_k920
_2ddc
999 _c7278
_d7278